000 00255 a2200109 4500
001 119702
040 _cEscola Canadense de Niteroi
245 1 0 _aAniversariante do mês [Banner]
650 4 _aAniversariante
650 4 _aLíngua Portuguesa
942 _cMATP
999 _c119702
_d119702